Religion Quiz

Random Religion or Bible Quiz

Bible Pairs Quiz Stats

Quiz Updated Mar 30, 2015

Challenge
Share
Tweet
Embed
Score 0/56 Timer 08:00
3 Plays Today
% Correct
Adam
99.1%
Eve
98.9%
Loaves of bread
95.8%
Fish
92.3%
Jesus
88.2%
David
87.3%
Cain
86.1%
Abel
86%
Goliath
84.7%
Dove
84.3%
Wine
79.8%
Water
79%
Gabriel
77.9%
Ruth
76.7%
Jacob
74.3%
Mary
73.8%
Peter
72.6%
Isaac
71.6%
Sodom
70.9%
Samson
69.5%
Sarah
67.4%
Esau
65.1%
Delilah
64.7%
Paul
64.2%
John
64%
Manna
63.8%
Joseph
62.4%
Michael
62.3%
% Correct
Moses
62.3%
Esther
60.6%
Gomorrah
58.5%
Rachel
52.9%
Elizabeth
49.3%
Aaron
47.7%
Martha
46.6%
Elijah
43.9%
James
42.8%
Benjamin
42.6%
Ishmael
42.4%
Raven
42.2%
Joshua
39.2%
Leah
37.1%
Elisha
34.8%
Hagar
32%
Baker
29.2%
Quail
26.6%
Caleb
25.3%
Butler
23.8%
Zechariah
22.7%
Silas
21.1%
Ephraim
17.3%
Manasseh
17.2%
Sapphira
16.1%
Ananias
16%
Priscilla
12.8%
Aquila
11.5%

You're not logged in!

Compare scores with friends on all Sporcle quizzes.
Join for Free
OR
Log In

You Might Also Like...

Show Comments

Extras

Top Quizzes Today


Score Distribution

Your Account Isn't Verified!

In order to create a playlist on Sporcle, you need to verify the email address you used during registration. Go to your Sporcle Settings to finish the process.

Report this User

Report this user for behavior that violates our Community Guidelines.

Details: